[Event "EU-Cup 32nd"]
[Site "Novi Sad"]
[Date "2016.11.09"]
[Round "4.2"]
[White "Van Foreest, Lucas"]
[Black "Fioramonti, Hung"]
[Result "1-0"]
[WhiteElo "2384"]
[BlackElo "2325"]
[PlyCount "61"]
[EventDate "2016.11.06"]
[EventType "team-swiss"]
[EventRounds "7"]
[EventCountry "SRB"]
[SourceTitle "CBM 176"]
[Source "ChessBase"]
[SourceDate "2017.01.17"]
[SourceVersion "1"]
[SourceVersionDate "2017.01.17"]
[SourceQuality "1"]
[WhiteTeam "JSV SISSA"]
[BlackTeam "Geneve"]
[WhiteTeamCountry "NED"]
[BlackTeamCountry "SUI"]

1. e4 Nf6 2. Nc3 d5 3. e5 Ne4 4. Nce2 d4 5. c3 Nc6 6. Nxd4 Nxd4 7. Qa4+ c6 8. Qxd4 Qxd4 9. cxd4 Ng5 10. Bc4 Ne6 11. Ne2 Nc7 12. Nc3 Bf5 13. a4 Rd8 14. d3 Rxd4 15. Be3 Rd8 16. Ke2 a6 17. Bb6 Rc8 18. b4 e6 19. b5 axb5 20. axb5 Nd5 21. Nxd5 cxd5 22. Bb3 Bb4 23. Ra4 Bc3 24. d4 0-0 25. Rc1 Bb2 26. Rxc8 Rxc8 27. Bc5 f6 28. exf6 gxf6 29. Ra7 Rc7 30. b6 Rf7 31. Kd2 1-0

[Event "SUI-chT"]
[Site "Switzerland"]
[Date "2000.??.??"]
[Round "?"]
[White "Danner, Georg"]
[Black "Fioramonti, Hung"]
[Result "1/2-1/2"]
[WhiteElo "2443"]
[BlackElo "2384"]
[PlyCount "43"]
[EventDate "2000.02.??"]
[EventType "team-tourn"]
[EventRounds "9"]
[EventCountry "SUI"]
[SourceTitle "EXT 2001"]
[Source "ChessBase"]
[SourceDate "2000.11.22"]
[SourceVersion "1"]
[SourceVersionDate "2000.11.22"]
[SourceQuality "1"]

1. d4 Nf6 2. Nf3 e6 3. e3 c5 4. Bd3 d5 5. b3 Be7 6. 0-0 0-0 7. Bb2 b6 8. Ne5 Nfd7 9. Nd2 Nxe5 10. dxe5 Ba6 11. c4 Nc6 12. Qe2 Qc7 13. f4 Rfd8 14. Rad1 dxc4 15. bxc4 Rd7 16. f5 Rad8 17. fxe6 fxe6 18. Bxh7+ Kxh7 19. Qh5+ Kg8 20. Qf7+ Kh8 21. Qh5+ Kg8 22. Qf7+ 1/2-1/2

[Event "SUI-chT"]
[Site "Switzerland"]
[Date "2000.??.??"]
[Round "?"]
[White "Loeffler, Markus"]
[Black "Fioramonti, Hung"]
[Result "1-0"]
[WhiteElo "2411"]
[BlackElo "2384"]
[PlyCount "121"]
[EventDate "2000.02.??"]
[EventType "team-tourn"]
[EventRounds "9"]
[EventCountry "SUI"]
[SourceTitle "EXT 2001"]
[Source "ChessBase"]
[SourceDate "2000.11.22"]
[SourceVersion "1"]
[SourceVersionDate "2000.11.22"]
[SourceQuality "1"]

1. e4 Nf6 2. e5 Nd5 3. d4 d6 4. Nf3 Bg4 5. Be2 e6 6. h3 Bh5 7. c4 Nb6 8. Be3 Be7 9. 0-0 0-0 10. Nc3 d5 11. c5 Bxf3 12. gxf3 Nc8 13. f4 Bh4 14. Bd3 g6 15. f5 exf5 16. Qf3 c6 17. Bh6 Re8 18. Bxf5 Na6 19. Qg4 Nc7 20. Bd7 Re6 21. Bxe6 Nxe6 22. f4 f5 23. exf6 Qxf6 24. f5 Qxd4+ 25. Qxd4 Nxd4 26. fxg6 Ne7 27. Rf8+ Rxf8 28. gxh7+ Kxh7 29. Bxf8 Nef5 30. Bd6 Kg6 31. Rf1 Bg5 32. Bf4 Be7 33. b4 a5 34. a3 Nc2 35. bxa5 Bxc5+ 36. Kh2 Nxa3 37. Bc7 Bb4 38. Ne2 Nb5 39. Nf4+ Kh6 40. Be5 Ne3 41. Rg1 Nc4 42. Bg7+ Kh7 43. Nh5 Be7 44. h4 Bxh4 45. Bf8 Bd8 46. Rg7+ Kh6 47. Ng3 Bxa5 48. Nf5+ Kh5 49. Ng3+ Kh6 50. Kh3 Bc3 51. Nf5+ Kh5 52. Ng3+ Kh6 53. Nf5+ Kh5 54. Rg4 Be5 55. Be7 Bf4 56. Ng7+ Kh6 57. Nf5+ Kh5 58. Rxf4 Kg6 59. Nh4+ Kg7 60. Bf8+ Kg8 61. Ng6 1-0

[Event "SUI-chT"]
[Site "Switzerland"]
[Date "1999.??.??"]
[Round "3.3"]
[White "Fioramonti, Hung"]
[Black "Zueger, Beat"]
[Result "1/2-1/2"]
[WhiteElo "2380"]
[BlackElo "2424"]
[PlyCount "39"]
[EventDate "1999.01.??"]
[EventType "team-tourn"]
[EventRounds "9"]
[EventCountry "SUI"]
[SourceTitle "EXT 2001"]
[Source "ChessBase"]
[SourceDate "2000.11.22"]
[SourceVersion "1"]
[SourceVersionDate "2000.11.22"]
[SourceQuality "1"]

1. Nf3 Nf6 2. c4 g6 3. Nc3 Bg7 4. e4 d6 5. d4 Bg4 6. Be2 0-0 7. Be3 Nfd7 8. Ng1 Bxe2 9. Ngxe2 c5 10. 0-0 cxd4 11. Nxd4 Nc6 12. Rc1 Rc8 13. b3 Qa5 14. Qd2 a6 15. Nxc6 bxc6 16. Na4 Qxd2 17. Bxd2 c5 18. Bc3 f5 19. Rfe1 f4 20. f3 1/2-1/2

[Event "SUI-chT"]
[Site "Switzerland"]
[Date "1999.??.??"]
[Round "9.3"]
[White "Kelecevic, Nedeljko"]
[Black "Fioramonti, Hung"]
[Result "1/2-1/2"]
[WhiteElo "2425"]
[BlackElo "2380"]
[PlyCount "146"]
[EventDate "1999.01.??"]
[EventType "team-tourn"]
[EventRounds "9"]
[EventCountry "SUI"]
[SourceTitle "EXT 2001"]
[Source "ChessBase"]
[SourceDate "2000.11.22"]
[SourceVersion "1"]
[SourceVersionDate "2000.11.22"]
[SourceQuality "1"]

1. d4 Nc6 2. Nf3 d5 3. Bf4 Bg4 4. e3 e6 5. c4 Bd6 6. Bg3 Nf6 7. Nc3 a6 8. Bh4 dxc4 9. Bxc4 e5 10. Be2 exd4 11. Nxd4 Bxe2 12. Nxc6 Bxd1 13. Nxd8 Rxd8 14. Bxf6 gxf6 15. Rxd1 Ke7 16. Ke2 Ke6 17. Ne4 Be7 18. Rxd8 Rxd8 19. Rc1 Kd7 20. g4 Rh8 21. Rd1+ Ke6 22. f4 h5 23. f5+ Ke5 24. Rd7 Bf8 25. Nc3 Bd6 26. h3 b5 27. a3 c6 28. Nd1 hxg4 29. hxg4 Rh7 30. Nf2 c5 31. Ra7 Kd5 32. Rxa6 c4 33. e4+ Ke5 34. b4 Rh2 35. Ke3 Bc7 36. Rc6 Bb8 37. Rc5+ Kd6 38. e5+ fxe5 39. Ne4+ Kd7 40. Nf6+ Kd6 41. Ne4+ Kd7 42. Kf3 Rh3+ 43. Ke2 Ba7 44. Rxe5 Re3+ 45. Kd2 Kc6 46. Re8 Bd4 47. g5 Rxa3 48. Rd8 Ra2+ 49. Kd1 Be5 50. f6 Rg2 51. Rg8 Kd5 52. g6 Rxg6 53. Rxg6 fxg6 54. f7 Bg7 55. Nc3+ Kc6 56. Ke2 Bf8 57. Na2 Kd7 58. Nc3 Kc6 59. Na2 Kd7 60. Nc3 Bxb4 61. Nxb5 Ke7 62. Ke3 Kxf7 63. Kd4 c3 64. Kd3 Ke6 65. Nd4+ Kf6 66. Nc6 Bc5 67. Kxc3 g5 68. Kc4 Bb6 69. Kd3 g4 70. Ke4 Kg5 71. Ne5 g3 72. Kf3 Kh4 73. Kg2 Bc7 1/2-1/2

[Event "SUI-chT"]
[Site "Switzerland"]
[Date "1998.03.29"]
[Round "1.6"]
[White "Vezzosi, Paolo"]
[Black "Fioramonti, Hung"]
[Result "0-1"]
[WhiteElo "2275"]
[BlackElo "2365"]
[PlyCount "84"]
[EventDate "1998.03.29"]
[EventType "team-tourn"]
[EventRounds "9"]
[EventCountry "SUI"]
[SourceTitle "EXT 2006"]
[Source "ChessBase"]
[SourceDate "2005.11.24"]
[SourceVersion "1"]
[SourceVersionDate "2005.11.24"]
[SourceQuality "1"]

1. d4 Nf6 2. Nf3 g6 3. c4 Bg7 4. Nc3 0-0 5. e4 d6 6. Be2 Bg4 7. Ng1 Bxe2 8. Ngxe2 a6 9. 0-0 c5 10. dxc5 dxc5 11. Be3 Nfd7 12. Qb3 Qc8 13. Rad1 Nc6 14. Nd5 Re8 15. Nb6 Nxb6 16. Qxb6 Ne5 17. b3 Nd7 18. Qa5 Qc6 19. f3 Rac8 20. Rd2 Nb8 21. Rfd1 b6 22. Qa3 Qa8 23. b4 cxb4 24. Qxb4 Nc6 25. Qa4 Ne5 26. Rc2 Rxc4 27. Rxc4 b5 28. Qb4 Nxc4 29. Bc5 e6 30. a4 Nb2 31. Rd7 Nxa4 32. Bd4 Qc8 33. Ra7 Bf8 34. Qd2 Bc5 35. Bxc5 Qxc5+ 36. Qd4 Rd8 37. Qxc5 Nxc5 38. Rc7 Rd2 39. Kf2 Rc2 40. Ke3 b4 41. Nd4 Rc3+ 42. Ke2 Nb3 0-1

[Event "FRA-chT2S 9798"]
[Site "France"]
[Date "1998.??.??"]
[Round "11"]
[White "Fioramonti, Hung"]
[Black "Renaze, Luc"]
[Result "1/2-1/2"]
[WhiteElo "2370"]
[BlackElo "2275"]
[PlyCount "75"]
[EventDate "1997.??.??"]
[EventType "team-tourn"]
[EventRounds "9"]
[EventCountry "FRA"]
[SourceTitle "EXT 2003"]
[Source "ChessBase"]
[SourceDate "2002.11.25"]
[SourceVersion "1"]
[SourceVersionDate "2002.11.25"]
[SourceQuality "1"]

1. Nf3 Nf6 2. c4 e6 3. g3 b6 4. Bg2 Bb7 5. 0-0 Be7 6. Nc3 0-0 7. Re1 d5 8. cxd5 exd5 9. d4 Nbd7 10. b3 Ne4 11. Bb2 Bf6 12. Nxe4 dxe4 13. Nd2 Nc5 14. Nc4 Ne6 15. e3 Be7 16. Qc2 f5 17. Ne5 Bd6 18. Nc4 Bb4 19. Red1 Bd5 20. Ba3 Bxa3 21. Nxa3 Qe8 22. Nb1 c6 23. Nc3 Ng5 24. Nxd5 cxd5 25. Qe2 Rc8 26. Rac1 Qd7 27. h4 Nf7 28. Bf1 Nd6 29. Qd2 Rxc1 30. Rxc1 Rc8 31. Ba6 Rc6 32. a4 Qc7 33. Rxc6 Qxc6 34. Kg2 Kf7 35. Qd1 g6 36. h5 g5 37. Qd2 h6 38. Qb4 1/2-1/2

[Event "EU-Cup 13th Group5"]
[Site "Mulhouse"]
[Date "1997.10.04"]
[Round "2"]
[White "Fioramonti, Hung"]
[Black "Jirovsky, Pavel"]
[Result "1/2-1/2"]
[WhiteElo "2360"]
[BlackElo "2355"]
[PlyCount "85"]
[EventDate "1997.10.03"]
[EventType "team-k.o."]
[EventRounds "3"]
[EventCountry "FRA"]
[SourceTitle "EXT 2020"]
[Source "ChessBase"]
[SourceDate "2019.10.17"]
[SourceVersion "1"]
[SourceVersionDate "2019.10.17"]
[SourceQuality "1"]
[WhiteTeam "Geneve"]
[BlackTeam "Praha Mladi"]
[WhiteTeamCountry "SUI"]
[BlackTeamCountry "CZE"]

1. Nf3 Nf6 2. c4 g6 3. Nc3 Bg7 4. e4 d6 5. d4 0-0 6. Be2 e5 7. 0-0 Nc6 8. d5 Ne7 9. Ne1 Nd7 10. Nd3 f5 11. Bd2 Nf6 12. f3 f4 13. g4 c5 14. Be1 Ne8 15. h4 Bd7 16. Rf2 Nc8 17. Rh2 Rf7 18. Rb1 Bf6 19. Bf2 b6 20. a3 Qe7 21. b4 Qf8 22. Qf1 a6 23. Bd1 Qe7 24. Qe2 Qd8 25. Qa2 Qc7 26. bxc5 dxc5 27. Ba4 Ned6 28. Bxd7 Qxd7 29. a4 a5 30. Kf1 Bg7 31. Ke2 h6 32. Rhh1 Qe8 33. Rb2 Qd8 34. h5 g5 35. Rhb1 Qc7 36. Ne1 Bf6 37. Nc2 Bd8 38. Na3 Qd7 39. Rb3 Ra6 40. Qb2 Re7 41. Be1 Na7 42. Kf1 Bc7 43. Qe2 1/2-1/2

[Event "SUI-chT"]
[Site "Switzerland"]
[Date "1997.??.??"]
[Round "?"]
[White "Ammann, Walter"]
[Black "Fioramonti, Hung"]
[Result "0-1"]
[WhiteElo "2280"]
[BlackElo "2360"]
[PlyCount "108"]
[EventDate "1997.??.??"]
[EventType "team-tourn"]
[EventRounds "9"]
[EventCountry "SUI"]
[SourceTitle "EXT 1999"]
[Source "ChessBase"]
[SourceDate "1998.11.16"]
[SourceVersion "1"]
[SourceVersionDate "1998.11.16"]
[SourceQuality "1"]

1. d4 Nf6 2. Nf3 g6 3. g3 Bg7 4. Bg2 0-0 5. c4 d6 6. 0-0 c6 7. Nc3 Qa5 8. h3 Be6 9. d5 cxd5 10. Nd4 Bd7 11. cxd5 Rc8 12. Be3 Na6 13. a3 Rc4 14. Nb3 Qd8 15. Qd3 Qc8 16. Kh2 Bf5 17. Qd2 Ne4 18. Nxe4 Bxe4 19. Bxe4 Rxe4 20. Rac1 Rc4 21. Na5 Rc7 22. Rxc7 Qxc7 23. Rc1 Qd7 24. Qc2 h5 25. b4 Bf6 26. Qb3 Kg7 27. Rc2 Be5 28. Kg2 f5 29. Qd3 Bf6 30. h4 Be5 31. f4 Bf6 32. Qc4 Kf8 33. Bd4 Bxd4 34. Qxd4 Kf7 35. Qc4 Rd8 36. Nb3 Qa4 37. b5 Qxc4 38. Rxc4 Nc5 39. Nd4 Ra8 40. Rb4 Rc8 41. Rc4 Ra8 42. Rb4 Nd7 43. Rc4 Nb6 44. Rc7 Rb8 45. Ne6 Nxd5 46. Ng5+ Ke8 47. Rc1 Kd7 48. Kf3 Rc8 49. Rxc8 Kxc8 50. Ne6 Kd7 51. Nd4 Nc3 52. Ke3 e5 53. fxe5 dxe5 54. Nf3 Kd6 0-1

[Event "Geneve op"]
[Site "Geneve"]
[Date "1997.??.??"]
[Round "8"]
[White "Dautov, Rustem"]
[Black "Fioramonti, Hung"]
[Result "0-1"]
[WhiteElo "2590"]
[BlackElo "2360"]
[PlyCount "103"]
[EventDate "1997.01.??"]
[EventType "swiss"]
[EventRounds "9"]
[EventCountry "SUI"]
[SourceTitle "EXT 1998"]
[Source "ChessBase"]
[SourceDate "1997.11.17"]
[SourceVersion "1"]
[SourceVersionDate "1997.11.17"]
[SourceQuality "1"]

1. d4 Nc6 2. Nf3 d5 3. Bf4 Bg4 4. e3 e6 5. c4 Bb4+ 6. Nc3 Nge7 7. h3 Bh5 8. Rc1 Bd6 9. cxd5 exd5 10. Bxd6 Qxd6 11. Be2 0-0 12. 0-0 a6 13. Na4 f5 14. Nc5 Bxf3 15. Bxf3 b6 16. Nd3 Nd8 17. Nf4 c6 18. Qb3 Rb8 19. Qa3 Qxa3 20. bxa3 Rf6 21. Rc2 Nb7 22. a4 Na5 23. Be2 Ra8 24. Rb1 Nc8 25. g4 g6 26. gxf5 gxf5 27. Bd3 b5 28. axb5 axb5 29. a4 bxa4 30. Rb4 Nc4 31. Bxc4 dxc4 32. Rcxc4 c5 33. Rxa4 Rxa4 34. Rxa4 cxd4 35. exd4 Rc6 36. Kg2 Nd6 37. f3 Rc2+ 38. Kg3 Rc3 39. Kf2 Kg7 40. Ra7+ Kg8 41. Rd7 Nf7 42. Nd5 Ra3 43. h4 Kf8 44. Kg3 Rd3 45. Nf6 h6 46. Kf4 Kg7 47. Nh5+ Kf8 48. Ng3 Ke8 49. Rd5 Ke7 50. Nxf5+ Ke6 51. Ra5 Rd1 52. Ra6+ 0-1

[Event "SUI-chT"]
[Site "Switzerland"]
[Date "1996.??.??"]
[Round "8"]
[White "Fioramonti, Hung"]
[Black "Boschetti, Claudio"]
[Result "1-0"]
[WhiteElo "2350"]
[BlackElo "2095"]
[PlyCount "75"]
[EventDate "1996.??.??"]
[EventType "team-tourn"]
[EventRounds "9"]
[EventCountry "SUI"]
[SourceTitle "CBM 055 Extra"]
[Source "ChessBase"]
[SourceDate "1997.01.01"]
[SourceVersion "1"]
[SourceVersionDate "1997.01.01"]
[SourceQuality "1"]

1. Nf3 d5 2. c4 e6 3. g3 Nf6 4. Bg2 dxc4 5. Qa4+ Bd7 6. Qxc4 Bc6 7. Nc3 Nbd7 8. 0-0 Be7 9. b4 0-0 10. Qb3 a5 11. b5 Nc5 12. Qc4 Bd5 13. Nxd5 exd5 14. Qc2 a4 15. Nd4 Ne6 16. Nf5 a3 17. d4 Re8 18. Nxe7+ Qxe7 19. Rd1 Qb4 20. Qd3 Ra4 21. e3 Rea8 22. Rb1 Qd6 23. Bd2 Ng5 24. Rdc1 g6 25. Rc2 h5 26. Rbc1 Ne6 27. Bh3 Ng5 28. Bg2 Ne6 29. Be1 Kg7 30. f3 Ne8 31. Rd1 f5 32. e4 fxe4 33. fxe4 dxe4 34. Qxe4 Nf6 35. Qe5 Rd8 36. Qxd6 Rxd6 37. d5 Ne8 38. Re2 1-0

[Event "SUI-chT"]
[Site "Switzerland"]
[Date "1996.??.??"]
[Round "2"]
[White "Fioramonti, Hung"]
[Black "Sherwin, James T"]
[Result "1-0"]
[WhiteElo "2350"]
[BlackElo "2320"]
[PlyCount "81"]
[EventDate "1996.??.??"]
[EventType "team-tourn"]
[EventRounds "9"]
[EventCountry "SUI"]
[SourceTitle "CBM 055 Extra"]
[Source "ChessBase"]
[SourceDate "1997.01.01"]
[SourceVersion "1"]
[SourceVersionDate "1997.01.01"]
[SourceQuality "1"]

1. Nf3 d5 2. c4 c6 3. e3 Nf6 4. Nc3 e6 5. b3 Bd6 6. Bb2 0-0 7. Qc2 e5 8. cxd5 cxd5 9. Nb5 Nc6 10. Nxd6 Qxd6 11. Bb5 Nb4 12. Qc1 Bd7 13. Bxe5 Qb6 14. a3 Rac8 15. Bc3 Bxb5 16. axb4 d4 17. Nxd4 Nd5 18. Ra5 Nxb4 19. Rxb5 Nd3+ 20. Kd1 Qg6 21. Qa1 Nxf2+ 22. Ke2 Nxh1 23. Qxh1 Rfd8 24. Qf1 b6 25. Kf2 a6 26. Rb4 Qe4 27. Kg1 Rc5 28. Nf3 f6 29. Rd4 Rdc8 30. Qd3 Qe8 31. Rd7 R5c7 32. Ng5 Qxd7 33. Qxh7+ Kf8 34. Bb4+ Rc5 35. Qh8+ Ke7 36. Qxg7+ Kd6 37. Qxf6+ Kc7 38. Bxc5 Kb8 39. Qxb6+ Qb7 40. Bd6+ Ka8 41. Qxb7+ 1-0

[Event "SUI-chT"]
[Site "Switzerland"]
[Date "1995.??.??"]
[Round "7"]
[White "Fioramonti, Hung"]
[Black "Haeberli, Juerg"]
[Result "1-0"]
[WhiteElo "2370"]
[BlackElo "2240"]
[PlyCount "121"]
[EventDate "1995.??.??"]
[EventType "team-tourn"]
[EventRounds "9"]
[EventCountry "SUI"]
[SourceTitle "CBM 049 Extra"]
[Source "ChessBase"]
[SourceDate "1996.01.01"]
[SourceVersion "1"]
[SourceVersionDate "1996.01.01"]
[SourceQuality "1"]

1. Nf3 d5 2. c4 dxc4 3. Qa4+ c6 4. Qxc4 Nf6 5. Nc3 g6 6. Ng5 e6 7. d4 Bg7 8. e4 h6 9. Nf3 0-0 10. Be3 b6 11. Qb3 Qe7 12. Be2 Rd8 13. 0-0 Ba6 14. Bxa6 Nxa6 15. Qa4 Qb7 16. Rad1 Rac8 17. Rfe1 Bf8 18. h3 c5 19. d5 exd5 20. exd5 Nb4 21. d6 Rxd6 22. Rxd6 Bxd6 23. Bxh6 Qc6 24. Qd1 Bf8 25. Ne5 Qd6 26. Qb3 Nbd5 27. Bg5 c4 28. Nxc4 Qb4 29. Bxf6 Nxf6 30. Nd2 Qxb3 31. Nxb3 Rc7 32. Rd1 Be7 33. Kf1 Kf8 34. Rd3 Rd7 35. Ke2 Ke8 36. g3 Rxd3 37. Kxd3 Kd7 38. Kd4 Kc6 39. Kc4 a6 40. a4 Bd8 41. Nd4+ Kd6 42. Nc2 Nd7 43. Ne4+ Ke5 44. f3 Be7 45. Ne1 Nb8 46. Nd3+ Ke6 47. Nf4+ Ke5 48. Nd3+ Ke6 49. f4 Nc6 50. b4 Bd8 51. Nd2 Ne7 52. g4 Bc7 53. Nf3 f6 54. f5+ Kd7 55. Nd4 g5 56. b5 a5 57. Nc6 Nc8 58. Kd5 Bh2 59. Nb2 Bg1 60. Nc4 Bc5 61. N4xa5 1-0

[Event "Geneve op"]
[Site "Geneve"]
[Date "1995.??.??"]
[Round "4"]
[White "Fioramonti, Hung"]
[Black "Klovans, Janis"]
[Result "1-0"]
[WhiteElo "2390"]
[BlackElo "2500"]
[PlyCount "62"]
[EventDate "1995.??.??"]
[EventType "swiss"]
[EventRounds "9"]
[EventCountry "SUI"]
[SourceTitle "CBM 046 Extra"]
[Source "ChessBase"]
[SourceDate "1995.07.01"]
[SourceVersion "1"]
[SourceVersionDate "1995.07.01"]
[SourceQuality "1"]

1. Nf3 d5 2. c4 e6 3. g3 Nf6 4. Bg2 dxc4 5. Qa4+ Nbd7 6. Qxc4 c5 7. Qb3 Rb8 8. d3 Bd6 9. Nc3 a6 10. 0-0 0-0 11. a4 b6 12. Ng5 Bc7 13. Rd1 h6 14. Nf3 Bb7 15. d4 Qe7 16. Qc2 Rbc8 17. h3 cxd4 18. Nxd4 Bxg2 19. Kxg2 Be5 20. Be3 Nc5 21. f3 Nh5 22. b4 Nxg3 23. bxc5 bxc5 24. Nb3 Nf5 25. Qc1 Qf6 26. Ne4 Qg6+ 27. Kf2 Bg3+ 28. Kf1 Nh4 29. Bf4 Bxf4 30. Qxf4 Qg2+ 31. Ke1 Rfd8 1-0

[Event "Bodensee-Cup 1st"]
[Site "Germany"]
[Date "1995.??.??"]
[Round "?"]
[White "Lorscheid, Gerhard"]
[Black "Fioramonti, Hung"]
[Result "1/2-1/2"]
[WhiteElo "2315"]
[BlackElo "2390"]
[PlyCount "82"]
[EventDate "1995.??.??"]
[EventType "team-tourn"]
[EventRounds "3"]
[EventCountry "GER"]
[SourceTitle "EXT 1999"]
[Source "ChessBase"]
[SourceDate "1998.11.16"]
[SourceVersion "1"]
[SourceVersionDate "1998.11.16"]
[SourceQuality "1"]
[WhiteTeam "Wuerttemberg"]
[BlackTeam "Switzerland"]
[WhiteTeamCountry "GER"]
[BlackTeamCountry "SUI"]

1. d4 Nf6 2. c4 g6 3. Nc3 Bg7 4. e4 d6 5. Bd3 0-0 6. Nge2 Nc6 7. 0-0 e5 8. d5 Nd4 9. f3 c5 10. Nxd4 exd4 11. Ne2 Bd7 12. Rb1 b5 13. b4 bxc4 14. Bxc4 Qb6 15. Qd3 cxb4 16. Bb2 Rfc8 17. Bxd4 Qa5 18. Ba6 Rc7 19. Rfc1 Rxc1+ 20. Rxc1 Ba4 21. Bb7 Bb5 22. Qd2 Rb8 23. Bc6 Bxe2 24. Qxe2 Nxd5 25. Bxg7 Nf4 26. Qd2 Qg5 27. Rc2 Kxg7 28. g3 Ne6 29. f4 Qe7 30. Bd5 a5 31. Rc6 Rd8 32. Kg2 Qf6 33. Ra6 Rc8 34. Rxd6 Qc3 35. Bxe6 Qxd2+ 36. Rxd2 fxe6 37. Kf3 h5 38. Rd3 Rc2 39. a3 Rxh2 40. axb4 axb4 41. Rb3 Ra2 1/2-1/2

[Event "Geneve op"]
[Site "Geneve"]
[Date "1995.??.??"]
[Round "3"]
[White "Lurje, Pawel"]
[Black "Fioramonti, Hung"]
[Result "1/2-1/2"]
[WhiteElo "2145"]
[BlackElo "2390"]
[PlyCount "100"]
[EventDate "1995.??.??"]
[EventType "swiss"]
[EventRounds "9"]
[EventCountry "SUI"]
[SourceTitle "CBM 046 Extra"]
[Source "ChessBase"]
[SourceDate "1995.07.01"]
[SourceVersion "1"]
[SourceVersionDate "1995.07.01"]
[SourceQuality "1"]

1. e4 Nf6 2. e5 Nd5 3. d4 d6 4. Nf3 Nb6 5. a4 a5 6. Bb5+ c6 7. Bd3 Bg4 8. exd6 exd6 9. 0-0 Be7 10. Re1 0-0 11. Qe2 Be6 12. h4 Re8 13. Ng5 Bxg5 14. Bxg5 f6 15. Qh5 fxg5 16. Bxh7+ Kf8 17. Bg6 N8d7 18. hxg5 Ke7 19. Rxe6+ Kxe6 20. Qg4+ Ke7 21. Qe4+ Kf8 22. Qf5+ Nf6 23. Bxe8 Kxe8 24. Qg6+ Kf8 25. gxf6 Qxf6 26. Qxf6+ gxf6 27. Nc3 Re8 28. b3 Kf7 29. Kf1 Rh8 30. Re1 d5 31. f3 Rh4 32. Ne2 Nc8 33. Kf2 Nd6 34. c3 Rh8 35. Nf4 Rh4 36. Nd3 Rh8 37. Kg1 Rb8 38. g4 b5 39. axb5 Nxb5 40. Rc1 Re8 41. Kf2 Rh8 42. Ke3 Re8+ 43. Kf2 Rh8 44. Ke3 Rh2 45. c4 Na3 46. cxd5 Nc2+ 47. Ke4 Re2+ 48. Kf4 cxd5 49. Nc5 Nxd4 50. Rd1 Ne6+ 1/2-1/2

[Event "Bodensee-Cup 1st"]
[Site "Germany"]
[Date "1995.??.??"]
[Round "?"]
[White "Schwalfenberg, Joerg"]
[Black "Fioramonti, Hung"]
[Result "1-0"]
[WhiteElo "2245"]
[BlackElo "2390"]
[PlyCount "120"]
[EventDate "1995.??.??"]
[EventType "team-tourn"]
[EventRounds "3"]
[EventCountry "GER"]
[SourceTitle "EXT 1999"]
[Source "ChessBase"]
[SourceDate "1998.11.16"]
[SourceVersion "1"]
[SourceVersionDate "1998.11.16"]
[SourceQuality "1"]
[WhiteTeam "Baden"]
[BlackTeam "Switzerland"]
[WhiteTeamCountry "GER"]
[BlackTeamCountry "SUI"]

1. d4 Nc6 2. c4 e5 3. d5 Nce7 4. e4 Nf6 5. Bd3 Ng6 6. Be3 Bb4+ 7. Nc3 Qe7 8. a3 Bxc3+ 9. bxc3 d6 10. f3 Nd7 11. Ne2 Nc5 12. 0-0 Bd7 13. Bc2 0-0 14. Rb1 b6 15. Qd2 Nb7 16. g4 Na5 17. Bd3 Ba4 18. Rb4 Qd7 19. Ng3 Nb3 20. Qd1 Nc5 21. Bc2 Bxc2 22. Qxc2 a5 23. Rb5 Nb7 24. Nf5 Rae8 25. h4 f6 26. Rf2 Nd8 27. Rh2 Ne7 28. h5 Nf7 29. Rb1 Ng5 30. Kf2 h6 31. Qb3 Nc8 32. Rhh1 Rf7 33. Kg3 Rd8 34. Kg2 Kf8 35. Rhd1 Qe8 36. Rh1 Rfd7 37. Rh2 Ne7 38. Ng3 Nf7 39. Rhh1 Ra8 40. Nf5 a4 41. Qc2 Rdd8 42. Rb4 Ra6 43. Ng3 Rda8 44. Rhb1 Nd8 45. Qd2 Qf7 46. c5 bxc5 47. Rb8 Nc8 48. Nf5 Ke8 49. Qd3 Ra5 50. R1b5 Qd7 51. Nxg7+ Qxg7 52. Rxc8 Kd7 53. Rbb8 Rxb8 54. Rxb8 Nf7 55. Qb1 Nd8 56. c4 Ke7 57. Rxd8 Kxd8 58. Qb8+ Ke7 59. Bd2 Ra8 60. Qxa8 f5 1-0